| 000 | 01029nam a2200265 i 4500 | ||
|---|---|---|---|
| 001 | 66643 | ||
| 003 | ES-MaACL | ||
| 005 | 20230906165743.0 | ||
| 007 | t| | ||
| 008 | 010910s2001 sp ||||0| spa d | ||
| 020 | _a84-8319-116-4 | ||
| 040 |
_aM-BN _bspa _cM-BN |
||
| 080 | _a327.5(569.4)(091) | ||
| 100 | 1 |
_aAlvarez-Ossorio, Ignacio. _920898 |
|
| 245 | 1 | 3 |
_aEl miedo a la paz _b: de la guerra de los seis días a la segunda Intifada / _cIgnacio Alvarez-Ossorio. |
| 260 |
_aMadrid : _bLos Libros de la Catarata : _bInstituto Universitario de Desarrollo y Cooperación, _c[2001] |
||
| 300 |
_a334 p. : _bmapas ; _c20 cm. |
||
| 490 | 1 |
_aDesarrollo y cooperación ; _v121 |
|
| 504 | _aBibliografía: p. 323-329. Indice. | ||
| 650 | 1 | 4 |
_aConflicto árabe-israelí- _vHistoria. _911270 |
| 710 | 1 |
_aUniversidad Complutense de Madrid. _bInstituto Universitario de Desarrollo y Cooperación. _97133 |
|
| 830 | 0 |
_aDesarrollo y cooperación ; _v121 _9193268 |
|
| 852 |
_aES-MaACL _jL-27130 _bR.132646 |
||
| 999 |
_c66643 _d66643 |
||